Tupac Albums - Statistics

General Stats
  • This quiz has been taken 287 times
    242 since last reset
  • The average score is 6 of 12
Answer Stats
Hint Answer % Correct
1996 All Eyez On Me
95%
1995 Me Against The World
75%
1991 2pacalypse Now
64%
1993 Strictly 4 My N.I.G.G.A.Z
49%
1997 R U Still Down
38%
1994 Thug Life Vol.1
36%
2002 Better Dayz
35%
2004 Loyal To The game
35%
2001 Until The End Of Time
35%
2006 Pac's Life
33%
1996 The Don Killuminati: The 7 Day Theory
32%
1999 Still I Rise
24%
No matching quizzes found
Score Distribution
Percent of People with Each Score
Percentile by Number Answered
Your Score History
You have not taken this quiz since the last reset